00483nam a2200169Ia 4500008004100000040001900041041001200060082002300072100001900095245004800114260002500162300001800187504005000205650001500255651002500270850001800295131103s9999 xx 000 0 und d aLoreto College aEnglish a150/BUGbLCBkB/509 aBugelski, B.R. 4aThe Principles of psychologycB.R. Bugelski aNew YorkbHoltc1961 a132p. c 26cm aIncludes bibliographical references and index aPsychology aPsychological Theory aLCBkB/150/BUG